KOHA-Header-6

Postgraduate One-Best Type M.C.Q. (Record no. 9822)

000 -LEADER
fixed length control field 00263nam a2200109Ia 4500
100 ## - MAIN ENTRY--AUTHOR NAME
Personal name M. S. Murad
245 #0 - TITLE STATEMENT
Title Postgraduate One-Best Type M.C.Q.
260 ## - PUBLICATION, DISTRIBUTION, ETC. (IMPRINT)
Place of publication Canada
Name of publisher Pearson
Year of publication 2006
300 ## - PHYSICAL DESCRIPTION
Number of Pages 990
942 ## - ADDED ENTRY ELEMENTS (KOHA)
Koha item type Books
Holdings
Withdrawn status Lost status Collection code Permanent Location Current Location Shelving location Date acquired Full call number Accession Number Koha item type
    Aptitude Tests MAJU MAJU Shelf No.A22 2019-09-14 505.75 5810 Aptitude Tests

Powered by Koha